000 00526nam a22001577a 4500
003 ASAB
005 20180827062845.0
008 180514t xxu||||| |||| 00| 0 eng d
040 _cASAB
100 _aSadia Nazir-sup-Dr. Nasir Jalal
_93988
245 _aTH-MS-Role of Core Components of Non Homologous End Joining Pathway in Response to Irradiation
_cSadia Nazir-sup-Dr. Nasir Jalal
260 _aIslamabad
_bASAB NUST
_c2014
300 _axvii, 118 P
_b30 cm
630 _aVirology and Immunology
_93989
942 _2ddc
_cTH
999 _c480894
_d480894